Представление документа в формате RUSMARC

ПолеНазваниеЗначение
  Тип записи a
  Библиографический уровень m
001 Контрольный номер RU/CBS_UL/BASE/592935393
005 Дата корректировки 20240209174842.3
010 Индекс ISBN __
a ISBN
b Уточнения в пер.
d Цена 31 р. 00 к.
9 Тираж экз.
100 Данные общей обработки __
a Данные общей обработки 20181015d2018 ||| 0rusy0189 ca
101 Язык документа 0_
a Язык текста rus
102 Страна публикации __
a Страна публикации RU
105 Кодированные данные (монография) __
a Кодированные данные (монография) y###||||000|y
200 Заглавие и сведения об ответственности 1_
a Заглавие Лев Толстой, сам свидетельствующий о себе и о своей жизни (с приложением фотодокументов и иллюстраций)
b Общее обозначение материала Текст
e Сведения, относящиеся к заглавию пер. с нем.
f Первые сведения об ответственности Я. Лаврин
210 Выходные данные 1_
a Место издания Челябинск
c Издательство Урал LTD
d Дата издания 1999
215 Физическое описание __
a Объем 464 с.
c Иллюстрации/тип воспроизводства ил.
d Формат см.
225 Серия 0_
a Серия Биографические ландшафты
300 Общие примечания __
a Общие примечания Ограничения по возрасту - 16+
300 Общие примечания __
a Общие примечания Под инв. номером 76232: 5-1
600 Персоналии _0
a Персоналии (Фамилия) Толстой
b Персоналии (Имя, инициалы) Л. Н.
606 Тематические рубрики 0_
a Основная рубрика Толстой, Лев Николаевич (1828-1910)
610 Ключевые слова 0_
a Ключевые слова жизнь
a Ключевые слова биографии
a Ключевые слова жизнь эстетическая
a Ключевые слова жизнь этническая
a Ключевые слова религии
686 Индексы других классификаций __
a Классификационный индекс 83.3(2Рос=Рус)1
2 Код системы ББК
700 Автор _1
a Фамилия Лаврин
b Имя (инициалы) Янко
g Полное личное имя Я.
801 Источник записи _0
a Страна RU
b Организация МБУК ЦБС
c Дата составления 20181015
g Правила каталогизации RCR
801 Источник записи _1
a Страна RU
b Организация МБУК ЦБС г. Ульяновска
c Дата составления 20181015
g Правила каталогизации RCR
899 Данные о местонахождении __
i Авторский знак Л 13
j Расстановочный фильтр 83.3(2Рос=Рус)1
901 Тип документа __
t Тип документа m
910 Корректоры записи __
a Корректор записи Тургенева